• 首页
  • 本馆介绍
  • 公告通知
  • 最新文献
  • 馆藏检索
  • 电子资源
  • 读者导购
  • 参考咨询
  • 我的图书馆
  • 登录
  • 详细信息显示
  • 放入我的书架
  • 预约/预借图书
  • 作者相关作品
  • 分类相关作品
  • 丛书相关作品
  • 出版社相关作品

书目信息

  • 表格格式
  • 工作单格式
  • 卡片格式
题名:
中国MBA案例
    
 
作者: 魏杰 , 乔实 主编 ;清华大学中国经济研究中心 编
分册:  
出版信息: 北京   中国发展出版社  2002
页数: 395页
开本: 20cm
丛书名:
单 册:
中图分类: F279.26
科图分类:
主题词: 企业经济,个别--中国
电子资源:
ISBN: 7-80087-538-5
000 00790nam0 2200229 450
001 0555215547
005 20051101152400.28
010    @a7-80087-538-5@dCNY26.00
092    @aCN
100    @a20051101d2002 km y0chiy0120 ea
101 0  @achi
102    @aCN@b110000
200 1  @a中国MBA案例@Azhong guo MBA an li@f魏杰,乔实主编@Fwei jie,qiao shi zhu bian@g清华大学中国经济研究中心编@Gqing hua da xue zhong guo jing ji yan jiu zhong xin bian
210    @a北京@c中国发展出版社@d2002
215 1  @a395页@d20cm
606 0  @a企业经济,个别@y中国
690    @aF279.26@v4
701  0 @a魏杰@Awei jie@4主编
701  0 @a乔实@Aqiao shi@4主编
712  0 @a清华大学中国经济研究中心@Aqing hua da xue zhong guo jing ji yan jiu zhong xin@4编
801  0 @aCN@bPFT@c20051101
905    @a10447@dF279.26@e213
    
    中国MBA案例/魏杰,乔实主编/清华大学中国经济研究中心编.-北京:中国发展出版社,2002
    395页;20cm
    
    
    ISBN 7-80087-538-5:CNY26.00
    
●
相关链接 在E读中查询图书 在五车中查询图书 在当当中查询图书 在豆瓣中查询图书


正题名:中国MBA案例     索取号:F279.26/213         预约/预借

序号 登录号 条形码 馆藏地/架位号 状态 备注
1 0337648   203376480   第一样本阅览室/ [索取号:F279.26/213] 在馆    
2 0337649   203376499   第一借阅区/ [索取号:F279.26/213] 在馆    
3 0337650   203376505   第一借阅区/ [索取号:F279.26/213] 在馆    
4 0337651   203376514   第一借阅区/ [索取号:F279.26/213] 在馆    
5 0337652   203376523   第一借阅区/ [索取号:F279.26/213] 在馆    
唐山师范学院图书馆 欢迎您!
大连网信软件有限公司© 版权所有